Normal view
MARC view
- Eckman, Donald P .
Entry Personal Name
001 - CONTROL NUMBER
- control field: 745
003 - CONTROL NUMBER IDENTIFIER
- control field: OSt
005 - DATE AND TIME OF LATEST TRANSACTION
- control field: 20160702142639.0
008 - FIXED-LENGTH DATA ELEMENTS
- fixed length control field: 160702|| aca||aabn | a|a d
040 ## - CATALOGING SOURCE
- Original cataloging agency: OSt
- Transcribing agency: OSt
100 ## - HEADING--PERSONAL NAME
- Personal name: Eckman, Donald P .
670 ## - SOURCE DATA FOUND
- Source citation: Work cat.: (OSt)10363: Eckman, Donald P ., Industrial instrumentation / , 2004
